[Event "DEM U10w 2022"]
[Site "Willingen GER"]
[Date "2022.06.08"]
[Round "7"]
[White "Malagatte, Samiksha"]
[Black "Fruth, Julia"]
[Result "1-0"]
[Termination "normal"]
[Board "11"]
[WhiteElo "1056"]
[BlackElo "1037"]
[WhiteClock "00:12:43"]
[BlackClock "00:12:17"]
[PlyCount "79"]
[WhiteFideId "34633790"]
[BlackFideId "34603050"]
[EventCountry "GER"]
[EventRounds "11"]
[EventType "swiss"]
[EventDate "2022.06.04"]

1. e4 {[%emt 00:00:05]} c5 {[%clk 01:15:53]} {[%emt 00:00:06]} 2. Nf3 {[%clk
01:16:17]} {[%emt 00:00:10]} d6 {[%clk 01:16:14]} {[%emt 00:00:08]} 3. d4
{[%clk 01:16:26]} {[%emt 00:00:21]} cxd4 {[%clk 01:16:39]} {[%emt 00:00:06]} 4.
Nxd4 {[%clk 01:16:42]} {[%emt 00:00:13]} Nf6 {[%clk 01:16:59]} {[%emt
00:00:10]} 5. Nc3 {[%clk 01:14:26]} {[%emt 00:02:46]} a6 {[%clk 01:17:22]}
{[%emt 00:00:08]} 6. a4 {[%clk 01:13:01]} {[%emt 00:01:52]} e5 {[%clk
01:15:21]} {[%emt 00:02:32]} 7. Nf3 {[%clk 01:13:03]} {[%emt 00:00:26]} b6
{[%clk 01:14:20]} {[%emt 00:01:34]} 8. Bc4 {[%clk 01:10:17]} {[%emt 00:03:17]}
Be7 {[%clk 01:13:43]} {[%emt 00:01:06]} 9. O-O {[%clk 01:10:28]} {[%emt
00:00:19]} Bb7 {[%clk 01:13:45]} {[%emt 00:00:27]} 10. Re1 {[%clk 01:09:24]}
{[%emt 00:01:35]} O-O {[%clk 01:14:02]} {[%emt 00:00:13]} 11. b3 {[%clk
01:07:09]} {[%emt 00:02:45]} Nbd7 {[%clk 01:14:04]} {[%emt 00:00:28]} 12. Bb2
{[%clk 01:06:44]} {[%emt 00:00:56]} Qc7 {[%clk 01:11:39]} {[%emt 00:02:52]} 13.
Nd5 {[%clk 01:05:20]} {[%emt 00:01:56]} Nxd5 {[%clk 01:11:19]} {[%emt
00:00:50]} 14. exd5 {[%clk 01:04:50]} {[%emt 00:00:58]} Nf6 {[%clk 01:11:16]}
{[%emt 00:00:34]} 15. Qd2 {[%clk 01:00:23]} {[%emt 00:04:53]} Rac8 {[%clk
01:06:25]} {[%emt 00:05:22]} 16. Rac1 {[%clk 00:59:08]} {[%emt 00:01:48]} Qc5
{[%clk 01:03:04]} {[%emt 00:03:48]} 17. Rcd1 {[%clk 00:51:30]} {[%emt
00:08:09]} b5 {[%clk 01:02:44]} {[%emt 00:00:48]} 18. axb5 {[%clk 00:50:20]}
{[%emt 00:01:43]} axb5 {[%clk 01:00:48]} {[%emt 00:02:28]} 19. Bd3 {[%clk
00:45:07]} {[%emt 00:05:43]} Bxd5 {[%clk 00:58:38]} {[%emt 00:02:40]} 20. Bf5
{[%clk 00:38:41]} {[%emt 00:06:50]} Rc6 {[%clk 00:55:45]} {[%emt 00:03:27]} 21.
b4 {[%clk 00:38:10]} {[%emt 00:01:02]} Qb6 {[%clk 00:53:44]} {[%emt 00:02:14]}
22. Qe3 {[%clk 00:36:18]} {[%emt 00:02:40]} Qb7 {[%clk 00:50:04]} {[%emt
00:04:10]} 23. Rd2 {[%clk 00:30:57]} {[%emt 00:05:43]} Ra6 {[%clk 00:44:13]}
{[%emt 00:06:28]} 24. c3 {[%clk 00:28:47]} {[%emt 00:02:41]} Bd8 {[%clk
00:39:27]} {[%emt 00:05:16]} 25. Qe2 {[%clk 00:26:40]} {[%emt 00:02:37]} Bc4
{[%clk 00:35:56]} {[%emt 00:03:59]} 26. Qd1 {[%clk 00:23:55]} {[%emt 00:03:17]}
Qb8 {[%clk 00:29:38]} {[%emt 00:06:47]} 27. Qc2 {[%clk 00:21:25]} {[%emt
00:03:01]} Be6 {[%clk 00:23:42]} {[%emt 00:06:19]} 28. Bxe6 {[%clk 00:20:41]}
{[%emt 00:01:20]} fxe6 {[%clk 00:24:05]} {[%emt 00:00:07]} 29. Ng5 {[%clk
00:19:29]} {[%emt 00:01:43]} Qa7 {[%clk 00:21:41]} {[%emt 00:02:53]} 30. Nxe6
{[%clk 00:17:19]} {[%emt 00:02:41]} Re8 {[%clk 00:21:06]} {[%emt 00:01:03]} 31.
Nxd8 {[%clk 00:17:14]} {[%emt 00:00:37]} Rxd8 {[%clk 00:21:21]} {[%emt
00:00:15]} 32. Rxe5 {[%clk 00:15:48]} {[%emt 00:01:55]} Re8 {[%clk 00:16:09]}
{[%emt 00:05:42]} 33. Rxe8+ {[%clk 00:15:46]} {[%emt 00:00:33]} Nxe8 {[%clk
00:16:32]} {[%emt 00:00:06]} 34. h3 {[%clk 00:15:32]} {[%emt 00:00:45]} Ra2
{[%clk 00:14:08]} 35. Qb3+ {[%clk 00:14:14]} {[%emt 00:04:42]} Kh8 {[%clk
00:13:41]} 36. c4 {[%clk 00:13:17]} {[%emt 00:02:24]} Qa4 {[%clk 00:12:10]} 37.
Bxg7+ {[%clk 00:12:42]} {[%emt 00:03:04]} Nxg7 {[%clk 00:12:08]} {[%emt
00:00:33]} 38. Qxa2 {[%clk 00:12:21]} {[%emt 00:00:49]} Qxa2 {[%clk 00:12:18]}
{[%emt 00:00:23]} 39. Rxa2 {[%clk 00:12:38]} {[%emt 00:00:11]} h6 {[%clk
00:12:17]} {[%emt 00:00:33]} 40. cxb5 {[%clk 00:12:43]} {[%emt 00:00:25]} 1-0

[Event "DEM U10w 2022"]
[Site "Willingen GER"]
[Date "2022.06.08"]
[Round "7"]
[White "Stiehler, Ellen"]
[Black "Dominick, Johanna"]
[Result "0-1"]
[Termination "normal"]
[Board "12"]
[WhiteElo "918"]
[BlackElo "1431"]
[WhiteClock "01:00:45"]
[BlackClock "00:58:59"]
[PlyCount "106"]
[WhiteFideId "34663908"]
[BlackFideId "16296532"]
[EventCountry "GER"]
[EventRounds "11"]
[EventType "swiss"]
[EventDate "2022.06.04"]

1. e4 {[%clk 01:15:55]} {[%emt 00:00:04]} e5 {[%clk 01:15:59]} {[%emt
00:00:02]} 2. Nf3 {[%clk 01:16:07]} {[%emt 00:00:17]} Nc6 {[%clk 01:16:25]}
{[%emt 00:00:04]} 3. Nc3 {[%clk 01:16:06]} {[%emt 00:00:31]} Bc5 {[%clk
01:16:13]} {[%emt 00:00:41]} 4. Bb5 {[%clk 01:16:20]} {[%emt 00:00:17]} d6
{[%clk 01:14:01]} {[%emt 00:02:42]} 5. O-O {[%clk 01:14:40]} {[%emt 00:02:09]}
Nge7 {[%clk 01:13:11]} {[%emt 00:01:19]} 6. a3 {[%clk 01:14:02]} {[%emt
00:01:09]} a6 {[%clk 01:12:02]} {[%emt 00:01:41]} 7. Bc4 {[%clk 01:13:58]}
{[%emt 00:00:31]} Be6 {[%clk 01:10:44]} {[%emt 00:01:49]} 8. Bxe6 {[%clk
01:11:59]} {[%emt 00:02:30]} fxe6 {[%clk 01:11:06]} {[%emt 00:00:08]} 9. d3
{[%clk 01:10:53]} {[%emt 00:01:37]} h6 {[%clk 01:10:15]} {[%emt 00:01:20]} 10.
Be3 {[%clk 01:09:09]} {[%emt 00:02:13]} Bd4 {[%clk 01:07:44]} {[%emt 00:02:55]}
11. Ne2 {[%clk 01:07:26]} {[%emt 00:02:21]} Bxe3 {[%clk 01:06:51]} {[%emt
00:01:22]} 12. fxe3 {[%clk 01:06:59]} {[%emt 00:00:58]} g5 {[%clk 01:04:57]}
{[%emt 00:02:22]} 13. Nd2 {[%clk 01:06:32]} Qd7 {[%clk 01:04:58]} {[%emt
00:01:26]} 14. Rf6 {[%clk 01:05:37]} O-O-O {[%clk 01:04:26]} {[%emt 00:02:28]}
15. d4 {[%clk 01:04:59]} Rdf8 {[%clk 01:03:28]} {[%emt 00:02:34]} 16. Qf1
{[%clk 01:04:51]} Re8 {[%clk 01:02:13]} {[%emt 00:02:25]} 17. b4 {[%clk
01:04:09]} h5 {[%clk 01:00:59]} {[%emt 00:02:54]} 18. Nc4 {[%clk 01:03:28]} d5
{[%clk 00:57:18]} {[%emt 00:05:24]} 19. exd5 {[%clk 01:02:14]} {[%emt
00:01:45]} exd5 {[%clk 00:57:21]} {[%emt 00:00:26]} 20. Nxe5 {[%clk 01:02:12]}
{[%emt 00:00:32]} Nxe5 {[%clk 00:57:45]} {[%emt 00:00:06]} 21. dxe5 {[%clk
01:02:17]} {[%emt 00:00:21]} Qd8 {[%clk 00:56:12]} {[%emt 00:02:06]} 22. Nc3
{[%clk 01:01:33]} {[%emt 00:01:15]} Ref8 {[%clk 00:55:28]} {[%emt 00:01:12]}
23. b5 {[%clk 01:01:11]} {[%emt 00:00:55]} d4 {[%clk 00:48:43]} {[%emt
00:07:14]} 24. exd4 {[%clk 00:59:50]} {[%emt 00:01:51]} Qxd4+ {[%clk 00:47:51]}
{[%emt 00:01:22]} 25. Rf2 {[%clk 00:59:52]} {[%emt 00:02:19]} Rxf2 {[%clk
00:50:08]} {[%emt 00:00:07]} 26. Qxf2 {[%clk 01:00:00]} {[%emt 00:00:22]} Qxc3
{[%clk 00:50:23]} {[%emt 00:00:14]} 27. bxa6 {[%clk 01:00:14]} {[%emt
00:00:18]} Qxa1+ {[%clk 00:50:45]} {[%emt 00:00:08]} 28. Qf1 {[%clk 01:00:17]}
{[%emt 00:00:26]} Qxf1+ {[%clk 00:51:10]} {[%emt 00:00:05]} 29. Kxf1 {[%clk
01:00:32]} {[%emt 00:00:15]} bxa6 {[%clk 00:51:39]} {[%emt 00:00:03]} 30. Ke2
{[%clk 01:00:43]} {[%emt 00:00:18]} Nc6 {[%clk 00:51:58]} {[%emt 00:00:09]} 31.
e6 {[%clk 01:00:27]} {[%emt 00:00:48]} Re8 {[%clk 00:52:23]} {[%emt 00:00:04]}
32. Kf3 {[%clk 01:00:41]} {[%emt 00:00:16]} Rxe6 {[%clk 00:52:47]} {[%emt
00:00:06]} 33. g4 {[%clk 01:00:42]} {[%emt 00:00:30]} hxg4+ {[%clk 00:53:04]}
{[%emt 00:00:13]} 34. Kxg4 {[%clk 01:01:03]} {[%emt 00:00:08]} Re5 {[%clk
00:53:22]} {[%emt 00:00:07]} 35. Kh5 {[%clk 01:01:05]} {[%emt 00:00:34]} Re2
{[%clk 00:53:39]} {[%emt 00:00:08]} 36. Kg4 {[%clk 01:01:00]} {[%emt 00:00:40]}
Rxh2 {[%clk 00:53:51]} {[%emt 00:00:17]} 37. Kxg5 {[%emt 00:00:07]} Rxc2 {[%emt
00:00:08]} 38. Kf6 {[%clk 01:00:28]} {[%emt 00:00:48]} Ra2 {[%clk 00:54:04]}
{[%emt 00:00:17]} 39. Ke6 {[%clk 01:00:25]} {[%emt 00:00:30]} Rxa3 {[%clk
00:54:30]} {[%emt 00:00:07]} 40. Kd5 {[%clk 01:00:31]} {[%emt 00:00:25]} Ne7+
{[%clk 00:54:26]} {[%emt 00:00:33]} 41. Ke6 {[%clk 01:00:44]} {[%emt 00:00:18]}
Ng6 {[%clk 00:54:47]} {[%emt 00:00:07]} 42. Kf6 {[%clk 01:00:57]} {[%emt
00:00:17]} Nh4 {[%clk 00:55:07]} {[%emt 00:00:09]} 43. Kg5 {[%clk 01:01:19]}
{[%emt 00:00:10]} a5 {[%clk 00:55:23]} {[%emt 00:00:13]} 44. Kxh4 {[%clk
01:01:36]} {[%emt 00:00:14]} Ra1 {[%clk 00:55:50]} {[%emt 00:00:04]} 45. Kg4
{[%clk 01:01:55]} {[%emt 00:00:10]} Rf1 {[%clk 00:56:14]} {[%emt 00:00:06]} 46.
Kg3 {[%clk 01:02:13]} {[%emt 00:00:12]} a4 {[%clk 00:56:39]} {[%emt 00:00:05]}
47. Kg2 {[%clk 01:02:41]} {[%emt 00:00:02]} Rf8 {[%clk 00:57:02]} {[%emt
00:00:06]} 48. Kg3 {[%clk 01:01:53]} {[%emt 00:01:19]} a3 {[%clk 00:57:28]}
{[%emt 00:00:04]} 49. Kh2 {[%clk 01:02:03]} {[%emt 00:00:19]} Rg8 {[%clk
00:57:53]} {[%emt 00:00:05]} 50. Kh3 {[%clk 01:02:07]} {[%emt 00:00:26]} a2
{[%clk 00:58:20]} {[%emt 00:00:05]} 51. Kh2 {[%clk 01:01:37]} {[%emt 00:00:58]}
a1=Q {[%clk 00:58:37]} {[%emt 00:00:13]} 52. Kh3 {[%emt 00:00:19]} Qg1 {[%emt
00:00:05]} 53. Kh4 {[%clk 01:00:45]} {[%emt 00:00:58]} Qg4# {[%clk 00:58:59]}
{[%emt 00:00:09]} 0-1

[Event "DEM U10w 2022"]
[Site "Willingen GER"]
[Date "2022.06.08"]
[Round "7"]
[White "Tu, Audrey"]
[Black "Krannich, Eva"]
[Result "1-0"]
[Termination "normal"]
[Board "13"]
[WhiteElo "1108"]
[BlackElo "845"]
[PlyCount "39"]
[WhiteFideId "34628568"]
[BlackFideId "34639713"]
[EventCountry "GER"]
[EventRounds "11"]
[EventType "swiss"]
[EventDate "2022.06.04"]

1. e4 e6 2. d4 d5 3. exd5 exd5 4. Nf3 Bd6 5. Nc3 Ne7 6. Bd3 Bg4 7. Be3 Nbc6 8.
Qe2 Qd7 9. a3 O-O-O 10. b4 Rde8 11. O-O h5 12. b5 Nd8 13. a4 h4 14. a5 h3 15.
g3 Ref8 16. b6 a6 17. Bxa6 Nec6 18. Bb5 cxb6 19. Nxd5 Bb8 20. Nxb6+ 1-0

[Event "DEM U10w 2022"]
[Site "Willingen GER"]
[Date "2022.06.08"]
[Round "7"]
[White "Jiang, Lucia"]
[Black "Weißleder, Emia"]
[Result "0-1"]
[Termination "normal"]
[Board "14"]
[WhiteElo "919"]
[BlackElo "983"]
[PlyCount "92"]
[BlackFideId "34682627"]
[EventCountry "GER"]
[EventRounds "11"]
[EventType "swiss"]
[EventDate "2022.06.04"]

1. e4 c5 2. Nf3 Nc6 3. Nc3 g6 4. d4 cxd4 5. Nxd4 Bg7 6. Be3 Nf6 7. f3 O-O 8.
Bd3 e5 9. Ndb5 d6 10. Ne2 d5 11. Qd2 d4 12. Bh6 Qa5 13. Bg5 Qxd2+ 14. Bxd2 a6
15. Nd6 Be6 16. O-O b5 17. Nb7 Rab8 18. Nc5 Bc4 19. Nxa6 Rb6 20. Nb4 Nxb4 21.
Bxb4 Rc8 22. Bd2 Bxd3 23. cxd3 Rc2 24. Rfd1 Rxb2 25. Nc1 Rc6 26. a3 Rcc2 27.
Na2 Rxd2 28. Rxd2 Rxd2 29. Nb4 Bh6 30. Rb1 Be3+ 31. Kf1 Rf2+ 32. Ke1 Rxg2 33.
Kd1 Nd7 34. h4 Nc5 35. Rc1 Bxc1 36. Kxc1 Nb3+ 37. Kb1 Rd2 38. Nc2 g5 39. hxg5
h5 40. Kb2 Na1 41. Kc1 Rxc2+ 42. Kb1 h4 43. Kxa1 h3 44. Kb1 Rg2 45. Kc1 h2 46.
Kd1 h1=Q# 0-1

[Event "DEM U10w 2022"]
[Site "Willingen GER"]
[Date "2022.06.08"]
[Round "7"]
[White "Margaryan, Mari"]
[Black "Döscher, Nayla"]
[Result "0-1"]
[Termination "normal"]
[Board "17"]
[WhiteElo "792"]
[BlackElo "908"]
[PlyCount "130"]
[WhiteFideId "16279700"]
[BlackFideId "34625046"]
[EventCountry "GER"]
[EventRounds "11"]
[EventType "swiss"]
[EventDate "2022.06.04"]

1. d4 d5 2. e3 e6 3. c4 Nf6 4. Nf3 Nbd7 5. Nc3 c6 6. Bd3 Qa5 7. Bd2 Qd8 8. O-O
Be7 9. c5 O-O 10. b4 Re8 11. a3 Nf8 12. Ne5 Ng6 13. Nxg6 fxg6 14. Re1 Nh5 15.
Qf3 Rf8 16. Qe2 Bh4 17. g3 Be7 18. Rab1 a6 19. a4 Bd7 20. a5 Qc7 21. Rb3 e5 22.
dxe5 Qxe5 23. f4 Qe6 24. Qg2 g5 25. fxg5 Bxg5 26. Rf1 Nf6 27. e4 Bxd2 28. Qxd2
dxe4 29. Be2 Qxb3 30. Rb1 Qe6 31. Bd1 Qh3 32. Qg2 Qxg2+ 33. Kxg2 Bf5 34. Bb3+
Kh8 35. Rf1 Bd7 36. Re1 Rae8 37. Bc2 Bf5 38. Rf1 g6 39. h3 h5 40. Rf4 Re5 41.
Kf2 e3+ 42. Ke2 Bxc2 43. Rf3 Kg7 44. Rxe3 Rfe8 45. Rxe5 Rxe5+ 46. Kd2 Bf5 47.
h4 Ne4+ 48. Nxe4 Rxe4 49. Kc3 Re3+ 50. Kd4 Rxg3 51. Ke5 Rh3 52. Kd6 Rxh4 53.
Kc7 Rxb4 54. Kb8 h4 55. Kc7 h3 56. Kd6 h2 57. Kc7 h1=Q 58. Kb8 Qh8+ 59. Kc7
Qc8+ 60. Kd6 Qe6+ 61. Kc7 Rd4 62. Kb8 b5 63. Kb7 Qc8+ 64. Ka7 Qc7+ 65. Ka8 Rd8#
0-1

[Event "DEM U10w 2022"]
[Site "Willingen GER"]
[Date "2022.06.08"]
[Round "7"]
[White "Lola, Georgia-Maria"]
[Black "Kühn, Nicole"]
[Result "1-0"]
[Termination "normal"]
[Board "18"]
[WhiteElo "1016"]
[BlackElo "870"]
[PlyCount "73"]
[WhiteFideId "34629335"]
[BlackFideId "34610510"]
[EventCountry "GER"]
[EventRounds "11"]
[EventType "swiss"]
[EventDate "2022.06.04"]

1. e4 e5 2. Nf3 Nc6 3. Nc3 Nf6 4. Bb5 Bc5 5. O-O d6 6. d4 exd4 7. Nxd4 Bd7 8.
Bxc6 Bxc6 9. Nxc6 bxc6 10. Bg5 h6 11. Bh4 O-O 12. Re1 Rb8 13. b3 Bb4 14. Qd3
Re8 15. a3 Bc5 16. Na4 Bb6 17. Qc3 c5 18. Nxb6 Rxb6 19. Rad1 Re5 20. Qxe5 dxe5
21. Rxd8+ Kh7 22. Bxf6 Rxf6 23. Rd5 Rc6 24. Rxe5 f6 25. Rd5 Kg6 26. e5 fxe5 27.
Rexe5 Kh7 28. Rxc5 Rd6 29. Red5 Re6 30. Kf1 Re7 31. Rd4 Kg8 32. Rdc4 Rd7 33.
Rxc7 Rd1+ 34. Ke2 Rd8 35. Rc8 Rxc8 36. Rxc8+ Kh7 37. c4 1-0

[Event "DEM U10w 2022"]
[Site "Willingen GER"]
[Date "2022.06.08"]
[Round "7"]
[White "Reetz, Shaila"]
[Black "Albrecht, Sidney Jenna"]
[Result "1-0"]
[Termination "normal"]
[Board "20"]
[WhiteElo "1112"]
[BlackElo "814"]
[PlyCount "39"]
[WhiteFideId "34630317"]
[BlackFideId "34660283"]
[EventCountry "GER"]
[EventRounds "11"]
[EventType "swiss"]
[EventDate "2022.06.04"]

1. e4 c5 2. Nf3 Nc6 3. Bb5 g6 4. Bxc6 bxc6 5. O-O Bg7 6. d3 Nf6 7. Nc3 O-O 8.
Nh4 d5 9. Qf3 Qd6 10. Bf4 Qd7 11. Na4 c4 12. Nc5 Qd8 13. Rad1 Bg4 14. Qe3 Bxd1
15. Bh6 Bxc2 16. Bxg7 Kxg7 17. Qg5 Re8 18. Nf5+ Kf8 19. Qh6+ Kg8 20. Qg7# 1-0

[Event "DEM U10w 2022"]
[Site "Willingen GER"]
[Date "2022.06.09"]
[Round "8"]
[White "Ramakrishnan, Veda"]
[Black "Glotz, Katharina"]
[Result "1-0"]
[Termination "normal"]
[Board "1"]
[WhiteElo "1191"]
[BlackElo "1067"]
[WhiteClock "00:19:34"]
[BlackClock "00:06:44"]
[PlyCount "99"]
[WhiteFideId "16269519"]
[BlackFideId "34631011"]
[EventCountry "GER"]
[EventRounds "11"]
[EventType "swiss"]
[EventDate "2022.06.04"]

1. e4 {[%clk 01:15:59]} c5 {[%clk 01:15:46]} {[%emt 00:00:13]} 2. Nf3 {[%clk
01:16:23]} {[%emt 00:00:08]} g6 {[%clk 01:16:01]} {[%emt 00:00:14]} 3. c3
{[%clk 01:16:33]} {[%emt 00:00:21]} Nc6 {[%clk 01:11:17]} {[%emt 00:05:14]} 4.
d4 {[%clk 01:11:56]} {[%emt 00:05:07]} d5 {[%clk 01:08:53]} {[%emt 00:02:52]}
5. exd5 {[%clk 01:05:15]} {[%emt 00:07:13]} Qxd5 {[%clk 01:07:04]} {[%emt
00:02:17]} 6. dxc5 {[%clk 01:04:29]} {[%emt 00:01:17]} Qxc5 {[%clk 01:04:12]}
{[%emt 00:03:22]} 7. Be3 {[%clk 01:03:06]} {[%emt 00:01:52]} Qa5 {[%clk
01:01:45]} {[%emt 00:02:56]} 8. Be2 {[%clk 01:01:36]} {[%emt 00:02:01]} Bg7
{[%clk 00:59:08]} {[%emt 00:03:07]} 9. O-O {[%clk 01:01:03]} {[%emt 00:01:05]}
Nf6 {[%clk 00:56:47]} {[%emt 00:02:49]} 10. Nbd2 {[%clk 00:56:05]} {[%emt
00:05:29]} Bf5 {[%clk 00:52:46]} {[%emt 00:04:29]} 11. Nd4 {[%clk 00:54:22]}
{[%emt 00:02:16]} Nxd4 {[%clk 00:48:15]} {[%emt 00:04:59]} 12. Bxd4 {[%clk
00:54:34]} {[%emt 00:00:19]} O-O {[%clk 00:46:33]} {[%emt 00:02:12]} 13. Nb3
{[%clk 00:53:14]} {[%emt 00:01:51]} Qc7 {[%clk 00:41:35]} {[%emt 00:05:25]} 14.
Bf3 {[%clk 00:52:37]} {[%emt 00:01:10]} Rfd8 {[%clk 00:39:08]} {[%emt
00:02:56]} 15. Qe2 {[%clk 00:52:17]} {[%emt 00:00:46]} a6 {[%clk 00:32:29]}
{[%emt 00:07:13]} 16. Rfe1 {[%clk 00:51:44]} {[%emt 00:01:03]} Re8 {[%clk
00:31:09]} {[%emt 00:01:50]} 17. Rad1 {[%clk 00:48:52]} {[%emt 00:03:21]} Rad8
{[%clk 00:27:08]} {[%emt 00:04:31]} 18. Qe3 {[%clk 00:47:14]} {[%emt 00:02:07]}
Ng4 {[%clk 00:23:17]} {[%emt 00:04:24]} 19. Bxg4 {[%clk 00:46:59]} {[%emt
00:00:44]} Bxd4 {[%clk 00:22:59]} {[%emt 00:00:48]} 20. Nxd4 {[%clk 00:46:35]}
{[%emt 00:00:55]} Bxg4 {[%clk 00:23:05]} {[%emt 00:00:24]} 21. f3 {[%clk
00:46:53]} {[%emt 00:00:12]} Bc8 {[%clk 00:21:33]} {[%emt 00:01:57]} 22. Rd3
{[%clk 00:44:30]} {[%emt 00:02:56]} b5 {[%clk 00:19:46]} {[%emt 00:02:19]} 23.
Red1 {[%clk 00:44:14]} {[%emt 00:00:45]} Qc5 {[%clk 00:17:26]} {[%emt
00:02:48]} 24. Nc2 {[%clk 00:40:06]} {[%emt 00:04:34]} Qxe3+ {[%clk 00:14:12]}
{[%emt 00:03:50]} 25. Nxe3 {[%clk 00:40:28]} {[%emt 00:00:09]} Rxd3 {[%clk
00:14:27]} {[%emt 00:00:15]} 26. Rxd3 {[%clk 00:40:51]} {[%emt 00:00:06]} Be6
{[%clk 00:14:06]} {[%emt 00:00:50]} 27. b3 {[%clk 00:38:07]} {[%emt 00:03:15]}
a5 {[%clk 00:13:13]} {[%emt 00:01:22]} 28. Nd5 {[%clk 00:37:09]} {[%emt
00:01:29]} Bxd5 {[%clk 00:10:56]} {[%emt 00:02:47]} 29. Rxd5 {[%clk 00:37:25]}
{[%emt 00:00:15]} Rb8 {[%clk 00:11:02]} {[%emt 00:00:23]} 30. Rd7 {[%clk
00:32:59]} {[%emt 00:01:34]} e5 {[%clk 00:11:28]} {[%emt 00:03:26]} 31. Rd5
{[%clk 00:31:33]} {[%emt 00:01:56]} f6 {[%clk 00:11:45]} {[%emt 00:00:13]} 32.
Kf2 {[%clk 00:31:30]} {[%emt 00:00:30]} h5 {[%clk 00:10:35]} {[%emt 00:01:44]}
33. Ke3 {[%clk 00:29:45]} {[%emt 00:02:14]} Kf7 {[%clk 00:09:39]} {[%emt
00:01:26]} 34. Rd7+ {[%clk 00:29:04]} {[%emt 00:01:11]} Ke6 {[%clk 00:09:45]}
{[%emt 00:00:24]} 35. Ra7 {[%clk 00:28:02]} {[%emt 00:01:33]} Rc8 {[%clk
00:09:53]} {[%emt 00:00:20]} 36. Kd2 {[%clk 00:26:54]} {[%emt 00:01:38]} b4
{[%clk 00:09:39]} {[%emt 00:00:45]} 37. Rxa5 {[%clk 00:23:24]} {[%emt
00:04:01]} bxc3+ {[%clk 00:08:26]} {[%emt 00:01:43]} 38. Kc2 {[%clk 00:23:40]}
{[%emt 00:00:12]} g5 {[%clk 00:08:06]} {[%emt 00:00:51]} 39. b4 {[%clk
00:23:39]} {[%emt 00:00:31]} g4 {[%clk 00:08:02]} {[%emt 00:00:34]} 40. Ra3
{[%clk 00:23:06]} {[%emt 00:01:04]} Rc4 {[%clk 00:07:54]} {[%emt 00:00:36]} 41.
b5 {[%clk 00:19:47]} {[%emt 00:03:51]} gxf3 {[%clk 00:07:47]} {[%emt 00:00:36]}
42. gxf3 {[%clk 00:20:03]} {[%emt 00:00:15]} Kf5 {[%clk 00:07:48]} {[%emt
00:00:28]} 43. Rxc3 {[%clk 00:19:50]} {[%emt 00:00:44]} Rb4 {[%clk 00:07:29]}
{[%emt 00:00:48]} 44. Rb3 {[%clk 00:19:48]} {[%emt 00:00:33]} Rc4+ {[%clk
00:06:12]} {[%emt 00:01:47]} 45. Kb2 {[%clk 00:20:09]} {[%emt 00:00:09]} Rc8
{[%clk 00:06:25]} {[%emt 00:00:17]} 46. b6 {[%clk 00:20:11]} {[%emt 00:00:27]}
e4 {[%clk 00:06:06]} {[%emt 00:00:49]} 47. a4 {[%clk 00:19:49]} {[%emt
00:00:52]} Kf4 {[%clk 00:06:03]} {[%emt 00:00:32]} 48. fxe4 {[%clk 00:19:45]}
{[%emt 00:00:36]} Kxe4 {[%clk 00:06:21]} {[%emt 00:00:11]} 49. b7 {[%clk
00:19:36]} {[%emt 00:00:39]} Rb8 {[%clk 00:06:44]} {[%emt 00:00:07]} 50. a5
{[%clk 00:19:34]} {[%emt 00:00:32]} 1-0